Jób - Istennel szemben soha nem lehet igazunk
Elmentve itt :
| Szerző: | |
|---|---|
| További közreműködők: | |
| Dokumentumtípus: | Szakdolgozat |
| Megjelent: |
1992
|
| Tárgyszavak: | |
| Online Access: | http://diploma.bibl.u-szeged.hu/22973 |
| LEADER | 00542nta a2200157 i 4500 | ||
|---|---|---|---|
| 001 | dipl22973 | ||
| 005 | 20130314081727.0 | ||
| 008 | 111111s1992 hu om 0|| zxx d | ||
| 040 | |a SZTE Diploma Repozitórium |b hun | ||
| 041 | |a zxx | ||
| 100 | 1 | |a Gál Csaba | |
| 245 | 1 | 0 | |a Jób - Istennel szemben soha nem lehet igazunk |h [elektronikus dokumentum] / |c Csaba Gál |
| 260 | |c 1992 | ||
| 650 | 4 | |a Jogi és igazgatási tanulmányok | |
| 700 | 1 | |a nincs megadva |e ths | |
| 856 | 4 | 0 | |u http://diploma.bibl.u-szeged.hu/id/eprint/22973/1/1992_gal_csaba.pdf |z Dokumentum-elérés |